000 01380nam a2200349 a 4500
001 000115287
003 CHAP
005 20220329144528.0
008 190219s2018 mx a |sm |||||||spa d
010 _a111748
011 _a112720
040 _cCHAP
090 _aTesis
100 1 _aRuiz Pedral, Luis Fernando.
_9135501
245 1 0 _aIdentificación y control del agente causal de las "patas aborlonadas" en aves de traspatio en los municipios de Cuilapan de Guerrero y Villa de Zaachila, Oaxaca
_h[En línea]
_cpor Luis Fernando Ruiz Pedregal.
260 _aChapingo, Méx. :
_bEl autor,
_c2018.
500 _aPara ver el contenido del material haga clic en la liga
502 _aTesis (Ing. Agr. Esp. en Parasitología Agrícola) -- UACH. Departamento de Parasitología Agrícola
590 _aBATCH-UPD
_b05
_c20190219
_lUCH01
_h1117
590 _aE11695DGD
_b10
_c20190506
_lUCH01
_h1016
590 _aE6339RRR
_b05
_c20190219
_lUCH01
_h1116
590 _aE6339RRR
_b05
_c20190219
_lUCH01
_h1117
590 _aE6339RRR
_b05
_c20190219
_lUCH01
_h1119
650 1 4 _aÁcaros
_xControl.
_9131782
650 1 4 _aÁcaros
_xIdentificación.
_982380
650 1 4 _aAves de corral
_xEnfermedades.
_98646
650 1 4 _aAves de corral
_xParásitos.
_98673
856 _aFinding aid
_uhttp://10.13.5.2/tesis/sist115287.pdf
_zTeclea aquí
901 _aBK
942 _cTESIS
942 _n0
999 _c111748
_d111748